Chlorophyll A/B binding protein gene expression in juvenile and mature leaf explants and its relationship with in vitro culture response in Hevea brasiliensis (Record no. 48865)

MARC details
000 -LEADER
fixed length control field 00668nam a2200169Ia 4500
100 ## - MAIN ENTRY--AUTHOR NAME
Personal name Kala R G
245 #0 - TITLE STATEMENT
Title Chlorophyll A/B binding protein gene expression in juvenile and mature leaf explants and its relationship with in vitro culture response in Hevea brasiliensis
260 ## - PUBLICATION, DISTRIBUTION, ETC. (IMPRINT)
Name of publisher IRC 2012. International Rubber Conference, 28-31 October 2012, Kovalam, India, Rubber Research Institute of India, Kottayam and IRRDB, Malaysia: Abstracts. pp.90.
700 ## - ADDED ENTRY--PERSONAL NAME
Personal name Anju V
700 ## - ADDED ENTRY--PERSONAL NAME
Personal name Jayasree P K
700 ## - ADDED ENTRY--PERSONAL NAME
Personal name Mathew S.A
700 ## - ADDED ENTRY--PERSONAL NAME
Personal name Sobha S
700 ## - ADDED ENTRY--PERSONAL NAME
Personal name Supriya R
700 ## - ADDED ENTRY--PERSONAL NAME
Personal name Thulaseedharan A
942 ## - ADDED ENTRY ELEMENTS (KOHA)
Koha item type Bibliography STAF
Holdings
Withdrawn status Lost status Damaged status Not for loan Home library Current library Shelving location Date acquired Koha item type
      Bibliography RRII Library RRII Library Biotechnology 16/04/2013 Bibliography STAF